Telur Naga
| Main Author: | |
|---|---|
| Format: | Book |
| Published: |
Kuala Lumpur :
Dewan Bahasa Dan Pustaka ,
1992
|
| Subjects: |
MARC
| LEADER | 00000cam a2200000 7i4500 | ||
|---|---|---|---|
| 001 | 0000007136 | ||
| 002 | 000007679 | ||
| 005 | 20000330.0 | ||
| 020 | |a 9836223746 | ||
| 090 | 0 | 0 | |a JF |b MAZ |
| 100 | 0 | |a Maznah Ali Hassan | |
| 245 | 1 | 0 | |a Telur Naga |c Maznah Ali Hasan |
| 260 | |a Kuala Lumpur : |b Dewan Bahasa Dan Pustaka , |c 1992 | ||
| 300 | |a 32 p. : |b ill. ; |c 18 cm. | ||
| 650 | 0 | 0 | |a Children's stories, Malay |
| 999 | |a 025754 |b BUKU |c PINJAMAN |e PERPUSTAKAAN KOMUNITI PETALING JAYA | ||